Central Library OPAC University of Rajshahi

কালকূট রচনা সমগ্র / (Record no. 44947)

MARC details
000 -LEADER
fixed length control field 01083nam a2200265 a 4500
001 - CONTROL NUMBER
control field 44947
003 - CONTROL NUMBER IDENTIFIER
rucl marc code BD-RjUL
005 - DATE AND TIME OF LATEST TRANSACTION
control field 20211209053936.0
008 - FIXED-LENGTH DATA ELEMENTS--GENERAL INFORMATION
fixed length control field 160721t19881976ii ||||| |||| 00| 0 ben d
020 ## - INTERNATIONAL STANDARD BOOK NUMBER
Terms of availability : Tk. 70.00 (V-3)
Terms of availability : TK 50.00 (V-1)
Terms of availability : Tk. 25.00 (V-2)
035 ## - SYSTEM CONTROL NUMBER
System control number (BD-RjUL) 45065
040 ## - CATALOGING SOURCE
Original cataloging agency BD-RjUL
Language of cataloging ben
Transcribing agency BD-RjUL
041 ## - LANGUAGE CODE
Language code of text/sound track or separate title ben
082 ## - DEWEY DECIMAL CLASSIFICATION NUMBER
Edition number 23
Classification number 891.4408
Author mark and year KAL 1988
245 00 - TITLE STATEMENT
Title কালকূট রচনা সমগ্র /
Statement of responsibility, etc. সাগরময় ঘোষ সম্পাদিত
260 ## - PUBLICATION, DISTRIBUTION, ETC. (IMPRINT)
Place of publication, distribution, etc. কলকাতা :
Name of publisher, distributor, etc. মৌসুমী প্রকাশনী,
Date of publication, distribution, etc. ১৯৭৬ (মুদ্রণ ১৯৮৮)
300 ## - PHYSICAL DESCRIPTION
Pagination খণ্ড ;
Size ২১ সেমি.
505 0# - FORMATTED CONTENTS NOTE
Formatted contents note খণ্ড ১ -- খণ্ড ৩ -- খণ্ড ২ -- খণ্ড ৪ -- খণ্ড ৭ --
650 ## - SUBJECT ADDED ENTRY--TOPICAL TERM
Topical term or geographic name as entry element বাংলা সাহিত্য
General subdivision সংগ্রহ
9 (RLIN) 122902
Topical term or geographic name as entry element Bengali Literature
General subdivision Collected works
9 (RLIN) 118004
700 ## - ADDED ENTRY--PERSONAL NAME
Personal name ঘোষ, সাগরময়, সম্পাদিত
942 ## - ADDED ENTRY ELEMENTS (KOHA)
Source of classification or shelving scheme Dewey Decimal Classification
Koha item type Books
Holdings
Lost status Source of classification or shelving scheme Damaged status Not for loan Collection code Permanent Location Current Location Shelving location Date acquired Source of acquisition Cost, normal purchase price Total Checkouts Full call number Date last seen Copy number Koha item type
  Dewey Decimal Classification     Non-fiction Central Library, University of Rajshahi Central Library, University of Rajshahi   29/12/1996 Ankur Prokasoni, Dhaka 50.00   B 891.4408 KAL V-3 1988 21/07/2016 C-2 Books
  Dewey Decimal Classification     Non-fiction Central Library, University of Rajshahi Central Library, University of Rajshahi   29/12/1996 Ankur Prokasoni, Dhaka 50.00   B 891.4408 KAL V-1 1988 17/08/2016 C-2 Books
  Dewey Decimal Classification     Non-fiction Central Library, University of Rajshahi Central Library, University of Rajshahi   29/12/1996 Ankur Prokasoni, Dhaka 50.00   B 891.4408 KAL V-1 1988 17/08/2016 C-3 Books
  Dewey Decimal Classification     Non-fiction Central Library, University of Rajshahi Central Library, University of Rajshahi   29/12/1996 Onkur Pokasoni, Dhaka 60.00   B 891.4408 KAL V-9 1989 18/08/2016 C-4 Books
  Dewey Decimal Classification     Non-fiction Central Library, University of Rajshahi Central Library, University of Rajshahi   04/11/1978 India international, kolcutta 25.00   B 891.4408 KAL V-2 1977 20/09/2016 C-2 Books
  Dewey Decimal Classification     Non-fiction Central Library, University of Rajshahi Central Library, University of Rajshahi   04/11/1978 India Int. Calcutta 25.00   B 891.4408 KAL V-1 1976 12/11/2016 C-4 Books
  Dewey Decimal Classification     Non-fiction Central Library, University of Rajshahi Central Library, University of Rajshahi   04/11/1978 Kolikata, India International 25.00   B 891.4408 KAL V-4 1988 20/11/2016 C-2 Books
  Dewey Decimal Classification     Non-fiction Central Library, University of Rajshahi Central Library, University of Rajshahi   29/12/1996 Ankor Dhaka 70.00   B 891.4408 KAL V-7 1983 21/11/2016 C-2 Books
  Dewey Decimal Classification   Not For Loan Non-fiction Central Library, University of Rajshahi Central Library, University of Rajshahi Reading Room 04/11/1978 India International, Calcutta 25.00   B 891.4408 KAL V-3 1988 26/02/2017 C-1 Books